| 000 | 01322nmc a2200385 a 4500 | ||
|---|---|---|---|
| 003 | AR-BaBNM | ||
| 005 | 20251128203756.0 | ||
| 008 | 157019s1971 ||||||||||||||000 | spa|| | ||
| 040 | _cAR-BaBNM | ||
| 245 | 1 | 0 | _aLa escuela intermedia en debate |
| 260 |
_aBuenos Aires _bHumanitas _c1971 |
||
| 300 | 0 |
_a333 P. _btablas, diagr. |
|
| 490 | 0 |
_aGuidance _vv. 8 |
|
| 500 | 0 | _aContiene referencias bibliográficas en notas a pie de página | |
| 500 | 1 | _aContiene en apéndice: las bases para el currículum del primer ciclo de las escuelas de nivel intermedio, boletín para el nivel intermedio, Proyecto de ley de creación del Consejo Federal de Educación | |
| 650 | 4 | _aREFORMA DE LA EDUCACION | |
| 650 | 4 | _aEDUCACION BASICA | |
| 650 | 4 | _aPOLITICA EDUCATIVA | |
| 651 | 4 | _aArgentina | |
| 653 | _aSISTEMA EDUCATIVO | ||
| 653 | _aEDUCACION PRIMARIA | ||
| 653 | _aEDUCACION SECUNDARIA | ||
| 700 | 1 | _aBravo, Alfredo P. | |
| 700 | 1 | _aCirigliano, Gustavo F.J. | |
| 700 | 1 | _aCiuccarelli, José A. | |
| 700 | 1 | _aGonzález Rivero, Julio R. | |
| 700 | 1 | _aMérega, Herminia | |
| 700 | 1 | _aDe Montoya, Otilia B. | |
| 700 | 1 | _aOñativia, Oscar V. | |
| 700 | 1 | _aTula, María Arsenia | |
| 700 | 1 |
_aVillaverde, Aníbal _ecoordinador |
|
| 800 | 1 |
_aVillaverde, Aníbal _edirector |
|
| 942 | _cBK | ||
| 998 | _cSILVI | ||
| 999 |
_c4895 _d4895 |
||